Most Populous New York Municipalities by Decade - Statistics

General Stats
  • This quiz has been taken 32 times
    27 since last reset
  • The average score is 14 of 18
Answer Stats
Hint Answer % Correct
1870 Albany
100%
1880 Buffalo
100%
1850 New York City
100%
1890 Rochester
100%
1910 Syracuse
100%
1860 Brooklyn
92%
1920 Utica
92%
1970 Yonkers
92%
2010 New Rochelle
83%
2000 Niagara Falls
83%
1900 Troy
83%
1990 Schenectady
79%
1960 Binghamton
75%
1940 Poughkeepsie
67%
2020 Mount Vernon
63%
1950 Auburn
33%
1930 Oswego
33%
1980 Elmira
29%
No matching quizzes found
Score Distribution
Percent of People with Each Score
Percentile by Number Answered
Your Score History
You have not taken this quiz since the last reset